La construcción del aprendizaje en el aula /
Guardado en:
| Autor Principal: | |
|---|---|
| Formato: | Libro |
| Publicado: |
Buenos Aires :
Magisterio del R¡o de la Plata,
1994
|
| Series: | Respuestas Educativas
|
| Materias: | |
| Etiquetas: |
Agregar Etiqueta
Sin Etiquetas, Sea el primero en etiquetar este registro!
|
| LEADER | 00857nam a22002295a 4500 | ||
|---|---|---|---|
| 001 | CEM.cems008797 | ||
| 005 | 20060214000000.0 | ||
| 008 | 130507s1994##################000#0#####d | ||
| 003 | CEMS | ||
| 082 | 0 | 4 | |a 371.3 |
| 100 | 1 | |a Sanchez Iniesta, Tomás | |
| 245 | 1 | 0 | |a La construcción del aprendizaje en el aula / |
| 260 | |a Buenos Aires : |b Magisterio del R¡o de la Plata, |c 1994 | ||
| 300 | |a 200 p. | ||
| 490 | 0 | |a Respuestas Educativas | |
| 505 | 0 | |a I: El enfoque globalizador. II: El enfoque globalizador y los contenidos. III: ... y la intervenci¢n docente: los mtodos. IV: Aspectos que favorecen la adopci¢n de enfoques globales en el aula.- | |
| 653 | |a Aprendizaje | ||
| 653 | |a Centros de interes | ||
| 653 | |a Constructivismo | ||
| 653 | |a Educacion | ||
| 653 | |a Globalizacion-educacion | ||
| 859 | |a CEMS |b BIB. CEMS - 11 de abril |h 371.3 |i Sa55 |p 103.99 |t Ej.1 | ||
